000 00277nam a22001217a 4500
008 180927b xxu||||| |||| 00| 0 eng d
041 _aeng
080 _a511
100 _a8
101 _aANA
245 _aAtlas Of Descriptive Human Anatomy
_cSobota ,U
942 _2udc
_cBK
999 _c48604
_d48604